Švédi majstri sveta MS hokejistov do 20 rokov

Bibliographic Details
Format: Article
Language:Slovak
Subjects:

MARC

LEADER 00000nab a2200000 a 4500
001 vtls000076741
003 SK-MaSNL
005 20260303021916.0
008 111103c1981 xo 0 slo
015 |a SNBRB19rr/mm-uuuuu 
035 |a CL0086842 
040 |a SNKBUCL  |b slo  |c SNKBUCL  |e AACR2 
041 0 |a slo 
044 |a xo  |c SK 
080 |a 796.966  |2 1981 
080 |a 796.092  |2 1981 
245 0 0 |a Švédi majstri sveta  |b MS hokejistov do 20 rokov 
650 0 7 |a ľadový hokej  |2 snkbucl  |9 3231 
655 7 |a články z novín a časopisov  |2 snkbucl  |9 267496 
773 0 |t Šport  |g Roč. 33, č. 1 (3. 1. 1981), s. 6 
850 |a Slovenská národná knižnica v Martine  |a MTA001 
852 |a SNK  |b KIS3GCP 
958 |a RK 
992 |a RBX 
999 |c 1625762  |d 1627692